| 000 | 00356nam a2200121 4500 | ||
|---|---|---|---|
| 999 |
_c14064 _d14064 |
||
| 008 | 190731b ||||| |||| 00| 0 eng d | ||
| 100 |
_939069 _aLlemit, Ralph Lawrence G. |
||
| 245 |
_aLaw on mental health ok'd/ _cRalph Lawrence G. Llemit |
||
| 260 |
_aDavao City: _bSun Star Davao; _cc2019. |
||
| 300 | _apage 3. | ||
| 650 | 0 |
_939070 _aLaw. |
|
| 942 |
_2ddc _cPER |
||